000 00638nam a2200181Ia 4500
008 151018s9999 xx 000 0 und d
082 _bRBASDV21743
_a891.463
100 _aज्ञाणेश्वर नाडकर्णी
245 _aप्रस्थान
250 _b1
260 _bमॅजेस्टीक प्रकाशन मुंबई
_c1988
300 _a222
600 _aज्ञाणेश्वर नाडकर्णी
630 _aप्रस्थान
700 _aज्ञाणेश्वर नाडकर्णी
730 _aप्रस्थान
942 _cBOOK
999 _c1021422
_d1021419